[Event "FRA-chT2 East 0809"]
[Site "France"]
[Date "2009.01.18"]
[Round "6.5"]
[White "Guth, Noel"]
[Black "Bellahcene, Bilel"]
[Result "1-0"]
[WhiteElo "2091"]
[BlackElo "1878"]
[PlyCount "75"]
[EventDate "2008.10.19"]
[EventType "team-tourn"]
[EventRounds "11"]
[EventCountry "FRA"]
[SourceTitle "EXT 2010"]
[Source "ChessBase"]
[SourceDate "2010.11.25"]
[SourceVersion "1"]
[SourceVersionDate "2010.11.25"]
[SourceQuality "1"]
[WhiteTeam "Mulhouse III"]
[BlackTeam "Bischwiller II"]
[WhiteTeamCountry "FRA"]
[BlackTeamCountry "FRA"]

1. d4 Nf6 2. Nf3 e6 3. Bg5 d5 4. e3 c5 5. c3 Bd6 6. Nbd2 Nbd7 7. Bd3 0-0 8. 0-0 h6 9. Bh4 cxd4 10. exd4 Rb8 11. Qe2 Qc7 12. Rfe1 Re8 13. Ne5 Bxe5 14. dxe5 Nh7 15. Rac1 Qa5 16. Nb3 Qb6 17. Nd4 a6 18. f4 Nc5 19. Bb1 Nf8 20. Bf2 Qd8 21. Bc2 Bd7 22. Qg4 Kh8 23. Re3 f5 24. Qh5 Nh7 25. g4 Ne4 26. Bxe4 fxe4 27. g5 Rg8 28. h4 Qe8 29. g6 Nf8 30. Rg3 Qe7 31. Be3 Be8 32. f5 exf5 33. Nxf5 Qc7 34. Bxh6 gxh6 35. Qxh6+ Nh7 36. g7+ Rxg7 37. Rxg7 Qb6+ 38. Qxb6 1-0

[Event "FRA-chT Top 16 Gp Haute"]
[Site "Evry"]
[Date "2008.05.30"]
[Round "9"]
[White "Guth, Noel"]
[Black "Bergez, Luc"]
[Result "0-1"]
[WhiteElo "2108"]
[BlackElo "2367"]
[PlyCount "95"]
[EventDate "2008.05.29"]
[EventType "team"]
[EventRounds "11"]
[EventCountry "FRA"]
[SourceTitle "CBM 124 Extra"]
[Source "ChessBase"]
[SourceDate "2008.07.03"]
[SourceVersion "1"]
[SourceVersionDate "2008.07.03"]
[SourceQuality "1"]

1. d4 Nf6 2. Nf3 e6 3. Bg5 c5 4. Bxf6 Qxf6 5. e3 b6 6. Nbd2 Bb7 7. Bd3 cxd4 8. exd4 Nc6 9. c3 Be7 10. Qe2 0-0 11. 0-0 Qh6 12. Qe3 Qxe3 13. fxe3 f5 14. e4 fxe4 15. Nxe4 h6 16. Rae1 g5 17. h3 Rf4 18. g3 Rf7 19. Nh2 Raf8 20. Ng4 Kg7 21. Rxf7+ Rxf7 22. Rf1 Rf5 23. Ne3 Rxf1+ 24. Kxf1 Nd8 25. Nd2 Bd6 26. Kf2 Nf7 27. Bb5 Bc8 28. Bc4 Bb8 29. Bd3 Bb7 30. Bb5 Bc8 31. Bd3 Kf6 32. Ne4+ Ke7 33. Nd2 Bb7 34. Ng4 h5 35. Ne3 h4 36. gxh4 gxh4 37. Be4 Bg3+ 38. Ke2 Ba6+ 39. Kf3 Be1 40. Nef1 Ng5+ 41. Ke3 Nxh3 42. Nh2 d6 43. Ng4 Bg3 44. Bd3 Bf4+ 45. Ke2 Ng1+ 46. Kf2 Bxd3 47. Kxg1 Bxd2 48. c4 0-1

[Event "FRA-chT3 Gr14 0607"]
[Site "France"]
[Date "2007.03.31"]
[Round "8.1"]
[White "Guth, Noel"]
[Black "Chernov, Vadim A"]
[Result "0-1"]
[WhiteElo "2125"]
[BlackElo "2493"]
[PlyCount "69"]
[EventDate "2006.10.15"]
[EventType "team"]
[EventRounds "9"]
[EventCountry "FRA"]
[SourceTitle "EXT 2008"]
[Source "ChessBase"]
[SourceDate "2007.11.25"]
[SourceVersion "1"]
[SourceVersionDate "2007.11.25"]
[SourceQuality "1"]

1. d4 Nf6 2. c4 Nc6 3. Nf3 e6 4. d5 exd5 5. cxd5 Bb4+ 6. Nc3 Ne7 7. d6 Bxd6 8. a3 Ng6 9. Qd4 Qe7 10. Nb5 Bc5 11. Nxc7+ Kd8 12. Qc4 Kxc7 13. b4 d6 14. Bb2 Be6 15. Qc2 Bd5 16. Rc1 b6 17. e3 Rad8 18. Be2 Kb8 19. bxc5 dxc5 20. 0-0 Rhe8 21. a4 Qe4 22. Bd3 Qe6 23. Bf5 Qc6 24. Ne1 Nh4 25. f4 Rxe3 26. Be5+ Kb7 27. Bh3 Ne4 28. a5 Bb3 29. Qb1 Re2 30. f5 Ng5 31. Rf2 Nxh3+ 32. gxh3 Rxf2 33. Kxf2 Rd5 34. a6+ Kc8 35. Qxb3 0-1

[Event "FRA-chT Top 16 GP Haute"]
[Site "Port Barcares"]
[Date "2005.05.05"]
[Round "9"]
[White "Guth, Noel"]
[Black "Sebag, Marie"]
[Result "0-1"]
[WhiteElo "2137"]
[BlackElo "2417"]
[PlyCount "136"]
[EventDate "2005.05.04"]
[EventType "team-tourn"]
[EventRounds "4"]
[EventCountry "FRA"]
[SourceTitle "CBM 107"]
[Source "ChessBase"]
[SourceDate "2005.08.01"]
[SourceVersion "1"]
[SourceVersionDate "2005.08.01"]
[SourceQuality "1"]
[WhiteTeam "Mulhouse"]
[BlackTeam "Evry"]
[WhiteTeamCountry "FRA"]
[BlackTeamCountry "FRA"]

1. d4 d5 2. c4 c6 3. Nc3 Nf6 4. Nf3 a6 5. cxd5 cxd5 6. Bg5 Ne4 7. Bf4 Nc6 8. Qb3 e6 9. e3 f5 10. Ne5 Be7 11. f3 Nf6 12. Bd3 0-0 13. 0-0 Na5 14. Qc2 Nh5 15. Bg3 Nxg3 16. hxg3 Bd6 17. f4 b5 18. Nf3 h6 19. Qe2 Bb7 20. Nd1 g5 21. Nf2 g4 22. Nxg4 fxg4 23. Nh4 h5 24. Bg6 Qf6 25. Bxh5 Qg7 26. Bxg4 Rf6 27. Kf2 Kf8 28. Bf3 Ke7 29. g4 Rc8 30. g3 Rff8 31. Rac1 Kd7 32. Qd3 Nc4 33. Rc2 Rh8 34. Rh1 Be7 35. g5 Bxg5 36. Qg6 Qxg6 37. Nxg6 Rxh1 38. Bxh1 Rg8 39. Ne5+ Nxe5 40. dxe5 Bd8 41. Bf3 Bb6 42. Re2 Rf8 43. Kg2 b4 44. g4 a5 45. Kg3 Ke7 46. g5 Ba6 47. Re1 Bd3 48. Bg4 Be4 49. Bf3 Kf7 50. Bg4 Rc8 51. Re2 Rc1 52. Bf3 a4 53. Bxe4 dxe4 54. Rh2 Bxe3 55. Rh7+ Kf8 56. Rh6 Rg1+ 57. Kh2 Rg4 58. Rxe6 Rxf4 59. Kg3 Rf2 60. g6 Rxb2 61. Ra6 Rxa2 62. Kg4 Bc5 63. Kf5 e3 64. Rf6+ Kg8 65. Rc6 Rf2+ 66. Kg5 e2 67. Rxc5 e1Q 68. Rc8+ Rf8 0-1

[Event "FRA-chT2 0304"]
[Site "France"]
[Date "2004.03.13"]
[Round "8"]
[White "Guth, Noel"]
[Black "Mondon, Fabrice"]
[Result "1-0"]
[WhiteElo "2103"]
[BlackElo "1989"]
[PlyCount "56"]
[EventDate "2003.10.??"]
[EventType "team"]
[EventRounds "11"]
[EventCountry "FRA"]
[SourceTitle "EXT 2005"]
[Source "ChessBase"]
[SourceDate "2004.11.15"]
[SourceVersion "1"]
[SourceVersionDate "2004.11.15"]
[SourceQuality "1"]

1. c4 e5 2. Nc3 Nc6 3. g3 g6 4. Bg2 Bg7 5. e3 d6 6. Nge2 Be6 7. d3 Qd7 8. Nd5 Nd8 9. h3 c6 10. Ndc3 f5 11. Rb1 Nf6 12. b4 a6 13. a4 0-0 14. a5 Qf7 15. 0-0 g5 16. f4 gxf4 17. exf4 Kh8 18. c5 dxc5 19. bxc5 Nd5 20. fxe5 Nxc3 21. Nxc3 Bxe5 22. Ne2 Qc7 23. Qe1 Ba2 24. Rb2 Bd5 25. Nf4 Bd4+ 26. Kh2 Bxg2 27. Rxg2 Nf7 28. Ne6 Qe7 1-0

[Event "FRA-chT2 0304"]
[Site "France"]
[Date "2003.11.16"]
[Round "3"]
[White "Guth, Noel"]
[Black "Hisler, Thomas"]
[Result "0-1"]
[WhiteElo "2103"]
[BlackElo "2189"]
[PlyCount "79"]
[EventDate "2003.10.??"]
[EventType "team"]
[EventRounds "11"]
[EventCountry "FRA"]
[SourceTitle "EXT 2005"]
[Source "ChessBase"]
[SourceDate "2004.11.15"]
[SourceVersion "1"]
[SourceVersionDate "2004.11.15"]
[SourceQuality "1"]
[WhiteTeam "Mulhouse III"]
[BlackTeam "Metz Fischer"]
[WhiteTeamCountry "FRA"]
[BlackTeamCountry "FRA"]

1. e4 e5 2. Nf3 Nc6 3. Bc4 Nf6 4. d3 Be7 5. 0-0 0-0 6. Bg5 d6 7. c3 Na5 8. Bb5 a6 9. Ba4 b5 10. Bc2 c5 11. h3 Bb7 12. Re1 h6 13. Bc1 Re8 14. Nbd2 Bf8 15. d4 cxd4 16. cxd4 exd4 17. Nxd4 Qb6 18. Nf5 Rac8 19. Bd3 Nc4 20. Ng3 Ne5 21. Nb3 d5 22. Be3 Qd8 23. exd5 Nxd3 24. Qxd3 Nxd5 25. Bd2 Nb4 26. Qxd8 Rexd8 27. Red1 Rc2 28. Bxb4 Rxd1+ 29. Rxd1 Bxb4 30. Rb1 g6 31. a3 Bf8 32. Nd4 Rd2 33. Nb3 Rd3 34. Na1 Bg7 35. Nf1 Be4 36. f3 Bd5 37. Nc2 Ba2 38. Ra1 Bb3 39. Nb4 Rd6 40. Rc1 0-1

[Event "FRA-chT2O 0203"]
[Site "France"]
[Date "2003.01.18"]
[Round "5.7"]
[White "Guth, Noel"]
[Black "Marzolf, Bruno"]
[Result "0-1"]
[WhiteElo "2120"]
[BlackElo "2237"]
[PlyCount "88"]
[EventDate "2002.10.??"]
[EventType "team"]
[EventRounds "11"]
[EventCountry "FRA"]
[SourceTitle "EXT 2004"]
[Source "ChessBase"]
[SourceDate "2003.11.25"]
[SourceVersion "1"]
[SourceVersionDate "2003.11.25"]
[SourceQuality "1"]
[WhiteTeam "Mulhouse Philidor II"]
[BlackTeam "Strasbourg"]
[WhiteTeamCountry "FRA"]
[BlackTeamCountry "FRA"]

1. c4 f5 2. g4 fxg4 3. e4 e5 4. Qxg4 Nf6 5. Qe2 Nc6 6. d3 Nd4 7. Qd1 Bc5 8. Nc3 0-0 9. Bg5 c6 10. Qd2 Qa5 11. 0-0-0 Ng4 12. Bh4 Nxf2 13. Bxf2 Rxf2 14. Qxf2 Nb3+ 15. axb3 Bxf2 16. Bh3 d6 17. Bxc8 Rxc8 18. Nge2 Rf8 19. Rdf1 Qc5 20. Nd1 a5 21. Kc2 b5 22. Kb1 d5 23. exd5 cxd5 24. Rxf2 Rxf2 25. d4 Qf8 26. Nxf2 Qxf2 27. Nc3 exd4 28. Nxb5 Qf3 29. Re1 Qxb3 30. Nxd4 Qd3+ 31. Nc2 dxc4 32. Kc1 c3 33. bxc3 Qxc3 34. Re8+ Kf7 35. Re3 Qc7 36. Rf3+ Kg6 37. Rf2 Qc3 38. Rg2+ Kf5 39. Rf2+ Kg4 40. Kd1 a4 41. Rg2+ Kh3 42. Rg3+ Qxg3 43. hxg3 Kxg3 44. Nd4 g5 0-1

[Event "FRA-chT2"]
[Site "France"]
[Date "2002.03.??"]
[Round "11"]
[White "Mourot, Felix"]
[Black "Guth, Noel"]
[Result "1/2-1/2"]
[WhiteElo "2052"]
[BlackElo "2118"]
[PlyCount "85"]
[EventDate "2002.??.??"]
[EventType "team"]
[EventRounds "11"]
[EventCountry "FRA"]
[SourceTitle "EXT 2003"]
[Source "ChessBase"]
[SourceDate "2002.11.25"]
[SourceVersion "1"]
[SourceVersionDate "2002.11.25"]
[SourceQuality "1"]

1. d4 g6 2. c4 f5 3. Nc3 Nf6 4. g3 Bg7 5. Bg2 d6 6. Nf3 0-0 7. 0-0 Nc6 8. d5 Na5 9. Qa4 c5 10. Nd2 Bd7 11. Qc2 a6 12. a3 Qc8 13. b3 b5 14. Bb2 Rb8 15. cxb5 axb5 16. Nd1 e6 17. dxe6 Bxe6 18. Qc3 Nc6 19. e3 b4 20. axb4 Nxb4 21. e4 Ne8 22. Qf3 fxe4 23. Qxe4 Nf6 24. Qh4 Nd3 25. Bc3 d5 26. Ra7 Rb7 27. Rxb7 Qxb7 28. Nb2 Nxb2 29. Bxb2 Ne8 30. Bxg7 Qxg7 31. Re1 g5 32. Qa4 Qf6 33. Re2 Ng7 34. Qa6 Qf7 35. Qc6 Rc8 36. Qa6 Rf8 37. Nf1 h6 38. Qb6 Rc8 39. Ne3 d4 40. Nd1 h5 41. Qa6 Rf8 42. Qd6 Rc8 43. Re5 1/2-1/2

[Event "IECG WC.2004.P.00009 email"]
[Site "IECG email"]
[Date "2001.01.22"]
[Round "?"]
[White "De Silva, Dinesh"]
[Black "Guth, Noel"]
[Result "1-0"]
[WhiteElo "1880"]
[BlackElo "2171"]
[PlyCount "53"]
[EventDate "2001.01.22"]
[EventType "tourn (corr)"]
[EventRounds "8"]
[SourceTitle "Corr 2008"]
[Source "ChessBase"]
[SourceDate "2008.06.24"]
[SourceVersion "1"]
[SourceVersionDate "2008.06.24"]
[SourceQuality "1"]

1. e4 c5 2. c3 d5 3. exd5 Qxd5 4. d4 Nf6 5. Nf3 cxd4 6. cxd4 g6 7. Nc3 Qd8 8. Bc4 Bg7 9. 0-0 0-0 10. h3 b6 11. Re1 Bb7 12. Ne5 Nc6 13. Ba6 Bxa6 14. Nxc6 Qd6 15. Nxe7+ Kh8 16. Qa4 Bb7 17. d5 a5 18. Bf4 Qb4 19. a3 Qxb2 20. Be5 Qd2 21. Re3 Ba6 22. Qc6 Nh5 23. Ne4 Bxe5 24. Nxd2 Bxa1 25. Qxb6 Nf4 26. Nb3 Rfb8 27. Qc7 1-0

[Event "IECG WC.2004.P.00009 email"]
[Site "IECG email"]
[Date "2001.01.22"]
[Round "?"]
[White "Guth, Noel"]
[Black "Pahlen, Hans"]
[Result "0-1"]
[WhiteElo "2171"]
[BlackElo "2192"]
[PlyCount "68"]
[EventDate "2001.01.22"]
[EventType "tourn (corr)"]
[EventRounds "8"]
[SourceTitle "Corr 2008"]
[Source "ChessBase"]
[SourceDate "2008.06.24"]
[SourceVersion "1"]
[SourceVersionDate "2008.06.24"]
[SourceQuality "1"]

1. e4 c5 2. Nf3 Nc6 3. d4 cxd4 4. Nxd4 Nf6 5. Nc3 e5 6. Ndb5 d6 7. Bg5 a6 8. Na3 b5 9. Nd5 Be7 10. Bxf6 Bxf6 11. c3 0-0 12. Nc2 Bg5 13. a4 bxa4 14. Rxa4 a5 15. Bb5 Ne7 16. Ncb4 Bd7 17. Nxe7+ Bxe7 18. Nc6 Qe8 19. Qd5 Kh8 20. c4 Be6 21. Qd3 f5 22. 0-0 fxe4 23. Qxe4 Rf4 24. Qd3 Qf7 25. Rxa5 Rf8 26. Qe2 Bh4 27. Ra7 Qf6 28. f3 e4 29. Raa1 d5 30. fxe4 Bf2+ 31. Kh1 Qh4 32. g3 Bxg3 33. Rxf4 Bxf4 34. Rf1 Bh3 0-1

[Event "IECG WC.2004.P.00009 email"]
[Site "IECG email"]
[Date "2001.01.22"]
[Round "?"]
[White "Sanchez, Luis"]
[Black "Guth, Noel"]
[Result "1/2-1/2"]
[WhiteElo "1809"]
[BlackElo "2171"]
[PlyCount "28"]
[EventDate "2001.01.22"]
[EventType "tourn (corr)"]
[EventRounds "8"]
[SourceTitle "Corr 2008"]
[Source "ChessBase"]
[SourceDate "2008.06.24"]
[SourceVersion "1"]
[SourceVersionDate "2008.06.24"]
[SourceQuality "1"]

1. e4 c5 2. Nf3 Nc6 3. d4 cxd4 4. Nxd4 g6 5. c4 Bg7 6. Be3 Nf6 7. Nc3 0-0 8. Be2 b6 9. 0-0 Bb7 10. f3 Qb8 11. Rc1 Nxd4 12. Bxd4 Bh6 13. Rc2 Bf4 14. g3 Bxg3 1/2-1/2

[Event "IECG CP.1999.Q.00014"]
[Site "IECG email"]
[Date "2000.10.01"]
[Round "?"]
[White "Hubley, Roger"]
[Black "Guth, Noel"]
[Result "0-1"]
[WhiteElo "1985"]
[BlackElo "2138"]
[PlyCount "38"]
[EventDate "2000.10.01"]
[EventType "tourn (corr)"]
[EventRounds "8"]
[EventCountry "GER"]
[SourceTitle "Corr 2008"]
[Source "ChessBase"]
[SourceDate "2008.06.24"]
[SourceVersion "1"]
[SourceVersionDate "2008.06.24"]
[SourceQuality "1"]

1. e4 c5 2. Nc3 Nc6 3. Nf3 g6 4. d4 cxd4 5. Nxd4 Bg7 6. Be3 Nf6 7. Bc4 0-0 8. Bb3 a5 9. f3 d5 10. Bxd5 Nxd5 11. exd5 Nb4 12. Nde2 Bf5 13. Rc1 b5 14. a3 Nxc2+ 15. Rxc2 Bxc2 16. Qxc2 b4 17. Na4 Qxd5 18. Nb6 Qe6 19. Kf2 Rab8 0-1

[Event "FRA-chT Entreprises"]
[Site "France"]
[Date "1999.10.09"]
[Round "1"]
[White "Guth, Noel"]
[Black "Badii, Madjid"]
[Result "0-1"]
[WhiteElo "2095"]
[BlackElo "2248"]
[PlyCount "86"]
[EventDate "1999.10.09"]
[EventType "team"]
[EventRounds "2"]
[EventCountry "FRA"]
[SourceTitle "EXT 2002"]
[Source "ChessBase"]
[SourceDate "2001.11.25"]
[SourceVersion "1"]
[SourceVersionDate "2001.11.25"]
[SourceQuality "1"]

1. e4 c5 2. Nf3 Nc6 3. Nc3 d6 4. d4 cxd4 5. Nxd4 Nf6 6. Bb5 Bd7 7. 0-0 a6 8. Bxc6 bxc6 9. Bg5 e5 10. Nb3 Be7 11. h3 Be6 12. Qe2 0-0 13. Rad1 Qc7 14. Be3 d5 15. exd5 cxd5 16. Bg5 d4 17. Ne4 Bc4 18. Qf3 Nxe4 19. Bxe7 Qxe7 20. Rfe1 f5 21. Nd2 Bd5 22. Qh5 Qf7 23. Qxf7+ Rxf7 24. f3 Nxd2 25. Rxd2 Re7 26. Rxd4 exd4 27. Rxe7 Rc8 28. Rd7 Bxa2 29. Rxd4 Rxc2 30. Rb4 f4 31. Rxf4 Bc4 32. h4 Bb5 33. b4 Rc4 34. Rxc4 Bxc4 35. Kf2 Kf7 36. g4 Kf6 37. Ke3 Ke5 38. f4+ Kd5 39. f5 Ke5 40. h5 h6 41. Kf3 Bd5+ 42. Ke3 Bc6 43. g5 hxg5 0-1

[Event "IECG CP.1999.P.00052"]
[Site "IECG email"]
[Date "1999.10.01"]
[Round "?"]
[White "Guth, Noel"]
[Black "Compagnone, Gaetano"]
[Result "1/2-1/2"]
[WhiteElo "2222"]
[BlackElo "1860"]
[PlyCount "45"]
[EventDate "1999.10.01"]
[EventType "tourn (corr)"]
[EventRounds "6"]
[EventCountry "ITA"]
[SourceTitle "Corr 2008"]
[Source "ChessBase"]
[SourceDate "2008.06.24"]
[SourceVersion "1"]
[SourceVersionDate "2008.06.24"]
[SourceQuality "1"]

1. c4 e5 2. Nc3 d6 3. g3 f5 4. d4 e4 5. f3 Nf6 6. Bg2 exf3 7. Nxf3 Be7 8. 0-0 0-0 9. d5 Nbd7 10. Nd4 Ne5 11. Qb3 g6 12. Bd2 Nfg4 13. Ne6 Bxe6 14. dxe6 Rb8 15. h3 Nf6 16. e4 Nxe4 17. Nxe4 fxe4 18. Bxe4 c6 19. Be3 Qa5 20. Rxf8+ Bxf8 21. Bg2 b6 22. c5 d5 23. cxb6 1/2-1/2

[Event "IECG CM.1999.0.00090"]
[Site "IECG email"]
[Date "1999.??.??"]
[Round "?"]
[White "Brajnikov, Gennadii"]
[Black "Guth, Noel"]
[Result "1-0"]
[WhiteElo "1838"]
[BlackElo "2222"]
[PlyCount "117"]
[EventDate "1999.09.29"]
[EventType "tourn (corr)"]
[EventRounds "6"]
[SourceTitle "Corr 2008"]
[Source "ChessBase"]
[SourceDate "2008.06.24"]
[SourceVersion "1"]
[SourceVersionDate "2008.06.24"]
[SourceQuality "1"]

1. e4 e5 2. Nf3 d6 3. d4 exd4 4. Nxd4 Nf6 5. Nc3 g6 6. Be2 Bg7 7. 0-0 0-0 8. Bg5 Re8 9. Qd2 Bd7 10. f3 Nc6 11. Nxc6 Bxc6 12. Bc4 Qd7 13. a4 a6 14. Rfd1 Kh8 15. Qf4 b5 16. axb5 axb5 17. Rxa8 Rxa8 18. Bxf6 bxc4 19. e5 Qe6 20. Bxg7+ Kxg7 21. exd6 Rd8 22. Kf1 Rxd6 23. Re1 Qf6 24. Qxf6+ Kxf6 25. Ne4+ Bxe4 26. Rxe4 Rc6 27. c3 h5 28. h4 Kf5 29. Kg1 Rc5 30. Kh2 f6 31. Kg3 g5 32. Re7 Kg6 33. Kh3 Rc6 34. g3 Rc5 35. g4 hxg4+ 36. fxg4 gxh4 37. Kxh4 Rc6 38. Re4 f5 39. Rf4 fxg4 40. Kxg4 Rc5 41. Kf3 Rb5 42. Ke4 Rxb2 43. Kd5 Re2 44. Rxc4 Re7 45. Rf4 Rf7 46. Re4 Kf5 47. Re1 Rd7+ 48. Kc5 Rh7 49. c4 Rh4 50. Kd5 c6+ 51. Kc5 Kf6 52. Re8 Rg4 53. Rc8 Ke7 54. Rxc6 Kd8 55. Kb6 Rh4 56. Rc7 Rh6+ 57. Kb7 Rh4 58. c5 Rb4+ 59. Kc6 1-0

[Event "IECG CM.1996.0.00014"]
[Site "IECG email"]
[Date "1996.??.??"]
[Round "?"]
[White "Sasata, Robert"]
[Black "Guth, Noel"]
[Result "1-0"]
[WhiteElo "2374"]
[BlackElo "2210"]
[PlyCount "51"]
[EventDate "1996.09.01"]
[EventType "tourn (corr)"]
[EventRounds "6"]
[SourceTitle "Corr 2008"]
[Source "ChessBase"]
[SourceDate "2008.06.24"]
[SourceVersion "1"]
[SourceVersionDate "2008.06.24"]
[SourceQuality "1"]

1. d4 f5 2. Nc3 d5 3. e4 fxe4 4. Qh5+ g6 5. Qxd5 Nf6 6. Qxd8+ Kxd8 7. Bg5 Bg7 8. 0-0-0 Bf5 9. Bc4 Nc6 10. f3 exf3 11. Nxf3 h6 12. Bxf6 Bxf6 13. Rhe1 Rf8 14. Ne4 b6 15. Bd5 Bd7 16. Rf1 Ke8 17. Nxf6+ Rxf6 18. Ne5 Nxe5 19. Bxa8 Ng4 20. Rxf6 Nxf6 21. Bf3 Be6 22. Kd2 g5 23. b3 g4 24. Bc6+ Kf8 25. Rf1 Bc4 26. bxc4 1-0